000 00566nam a2200205Ia 4500
003 GCL
008 140319s9999 xx 000 0 eng d
040 _aGCL /
_cGCL
082 0 4 _a624.1834
_bT H
100 1 _aHILAL, M.
245 1 0 _aTHEORY AND DESIGN OF REINFORCED CONCRETE TANKS /
_cHILAL, M.
260 _a[S.N] :
_bJ.MARCOU & CO ،
_c1988
300 _a359 P
650 0 4 _aCONCRETE
650 0 4 _aREINFORCED CONCRETE CONSTRUCTION
650 0 4 _aSTRUCTURAL ENGINEERING
650 0 4 _aSTRUCTURAL CONCRETE
650 0 4 _aREINFORCED CONCRETE
942 _2ddc
_cBK
999 _c12505
_d12505